Macroeconomics

Αποθηκεύτηκε σε:
Λεπτομέρειες βιβλιογραφικής εγγραφής
Κύριος συγγραφέας: Dornbusch, Rudiger
Άλλοι συγγραφείς: Fischer, Stanley
Μορφή: Βιβλίο
Γλώσσα:English
Δημοσίευση: New York : McGraw-Hill, c1981
Έκδοση:2nd ed.
Θέματα:
Ετικέτες: Προσθήκη ετικέτας
Δεν υπάρχουν, Καταχωρήστε ετικέτα πρώτοι!

MARC

LEADER 00000cam a2200000 i 4500
001 1/31372
008 950808s1981 eng d
020 |a 0-07-017754-6 
035 |l 10023568 
040 |a GR-MY-UA  |b gre  |e aacr 
041 0 |a eng 
082 0 |a 339 
100 1 |a Dornbusch, Rudiger. 
245 1 0 |a Macroeconomics /  |c Rudiger Dornbusch, Stanley Fischer 
250 |a 2nd ed. 
260 |a New York :   |b McGraw-Hill,   |c c1981 
300 |a xiii, 738 p.  |b ill. 
504 |a Includes bibliographical references and index 
650 0 0 |a Macroeconomics. 
700 1 |a Fischer, Stanley. 
852 |a INST  |b CHIOS  |e 19950808  |h 339 DOR  |p 005200001228  |q 005200001228  |t BK  |y 0 
909 |a Χ  |b 013221 
922 |a 2ΕΛΗ  |b 198902 
970 |a ΣΑΛΑΜΟΥΡΑ  |b ΜΑΡΙΑ  |z 2000/06/20